000 00549nam a2200193Ia 4500
008 210719s1963 xx 000 0 und d
041 _aeng
082 _a820.9 MULL
100 _aMULLIK (B R)
245 _aLiterary essays Vol. XII (b): modern literature; drama Ed 2
250 _a2
260 _aDelhi
_bS. Chand & Co. Ltd.
_c1963
300 _a95
_bPB
365 _b2
440 _v12 (b)
650 _aEnglish Criticism
650 _aEnglish Literature
906 _a2 ; drama ; Ed ; essays: ; Literary ; literature ; modern ; Vol. ; XII
999 _c215113
_d215113